000 01093nas a2200349 4500
001 BR2017002906
003 BR-BrBNA
005 20231205131119.0
007 ta
008 230509b bl.|||p| |||| 00| 00por d
040 _aBR-BrBNA
_bpor
_cBiblioteca Nacional de Agricultura
041 _a(Pt)
072 _aP34; F61
100 1 _aFerreira, J.P.
100 1 _aNunes, R.F.
100 1 _aSilva, R.B.
100 1 _aBem, E.A.D.
100 1 _aGarcia, D.P.
100 1 _aSabundjian, M.T.
100 1 _aSouza, F.M.L. de
245 1 _aAzospirillum brasilense via foliar e doses de nitrogênio em cobertura na cultura do trigo na região de Itapeva-SP
650 _aTRIGO
650 _aSOLO
650 _aAGRICULTURA
650 _aINOCULAÇÃO
650 _aUREIA
650 _aPRODUTIVIDADE
773 0 _tRevista Brasileira de Engenharia de Biossistemas (Brazil)
_xISSN 2359-6724
_g(2017), v. 11(2) p. 154-163
_wBR2017002906
856 4 0 _uhttp://seer.tupa.unesp.br/index.php/BIOENG/article/view/516/328
909 _a202311
_bLúcia
_c55
_dLúcia Elande
942 _2AGRIS
_n0
_cANA
999 _c253091
_d253091